| 000 | 00352nam a2200133Ia 4500 | ||
|---|---|---|---|
| 005 | 20250729165815.0 | ||
| 008 | 250729s2022 xx 000 0 und d | ||
| 041 | _aeng | ||
| 082 | _a325.25 MANG | ||
| 100 |
_aManohar Pandey _9233438 |
||
| 245 | _aGeneral Knowledge 2022 | ||
| 260 |
_aNew Delhi _bArihant Publication _c2022 |
||
| 650 |
_aEducation _9233439 |
||
| 999 |
_c240281 _d240281 |
||